000 00611nam a2200229Ia 4500
003 OSt
005 20220926023239.0
006 a|||||r|||| 00| 0
007 ta
008 220923b |||||||| |||| 00| 0 eng d
020 _a9781682853443
037 _cGeneral Book
040 _aRTL
_cRTL
_beng
041 _2eng
_aeng
082 _aX9:8, Q7
100 _aLAMOTTA Rita
_9328860
245 0 _aModern approach to business management
260 _aNew York
_bWillford Press
_c2017
300 _avii,222p
_ccm.
942 _hX9:8, Q7
_cGB
_2CC
999 _c641255
_d641255